000 01106nam0a2200301 4500
001 RU\NLR\ONL2\14960
005 20250613131333.0
010 _a978-5-903540-17-4
_950
035 _a(NLR Aleph) 009662545
090 _a9620676
_c9620676
100 _a20090928d2009 |||y0rusy50 ca
101 0 _asah
102 _aRU
105 _aa |||||||||
200 1 _aИстээх Местниковтара
_eА. В. Местникова ахтыытынан
_fА. С. Колодезникова
210 _aДьокуускай
_cИП Николашкина А. А.
_d2009
215 _a119 с.
_cил.
_d20
541 1 _aМестниковы из местности Истээх
_zrus
606 0 _aГенеалогия
_yСаха (Якутия), Республика
_92099795
_3RU\NLR\auth\661270083
686 1 _aТ214(2Я)
700 1 _aКолодезникова
_bА. С.
_gАнастасия Степановна
_4070
801 0 _aRU
_bNLR
_c20090928
_gPSBO
852 _aNLR
_bОНЛ
_jЯкут./2-3343
942 _cBOOK
980 _aNB
980 _aONL_RF